Statistics for Biggest Cities in Québec

Click here to take the quiz!

General Stats

  • This quiz has been taken 21 times
  • The average score is 9 of 20

Answer Stats

PopulationRegionCity% Correct
1,782,844MontréalMontreal
100%
542,706Capitale-NationaleQuebéc City
100%
282,596OutaouaisGatineau
75%
166,863EstrieSherbrooke
75%
432,858LavalLaval
58%
146,519Saguenay–Lac
-Saint-Jean
Saguenay
58%
136,857MauricieTrois-Rivières
58%
67,733MontérégieGranby
42%
77,661Centre-du-QuébecDrummondville
42%
96,605MontérégieSaint-Jean-
sur-Richelieu
42%
243,778MontérégieLongueuil
42%
77,476LaurentidesSaint-Jérôme
33%
59,756LaurentidesBlainville
33%
87,317MontérégieBrossard
25%
146,080Chaudière-
Appalaches
Lévis
25%
56,307MontérégieSaint-Hyacinthe
25%
115,622LanaudièreTerrebonne
17%
55,189LaurentidesMirabel
8%
84,922LanaudièreRepentigny
0%
50,376MontréalDollard-des
-Ormeaux
0%

Score Distribution

Percentile by Number Answered

Percent of People with Each Score

Your Score History

You have not taken this quiz